000
00339nam a2200133Ia 4500
008
240624s9999 xx 000 0 und d
041
_a
eng
082
_a
657 BAT
100
_a
BATRA JAI KUMAR
245
_a
ACCOUNTING AND FINANCE FOR NON FINANCE M
260
_c
2019
_a
New Delhi
_b
Sage
300
_a
xl, 1062 p.; 23 cm.
365
_c
RS
_b
35
999
_c
31649
_d
31649